Online Catalogue and eLibrary

Subaltern studies VI : (Record no. 3499)

MARC details
000 -LEADER
fixed length control field 00539nam a2200157Ia 4500
005 - DATE AND TIME OF LATEST TRANSACTION
control field 20250108011654.0
008 - FIXED-LENGTH DATA ELEMENTS--GENERAL INFORMATION
fixed length control field 240331s9999 xx 000 0 und d
020 ## - INTERNATIONAL STANDARD BOOK NUMBER
ISBN 0195630017
082 ## - DDC Classification
Item Number - Author Mark SUB
Class No. 950
245 #0 - TITLE STATEMENT
Title Subaltern studies VI :
Remainder of title writings on south Asian history and society
260 ## - PUBLICATION, DISTRIBUTION, ETC.
Place of publication, distribution, etc. New Delhi
Name of publisher, distributor, etc. Oxford University Press
Date of publication, distribution, etc. 1992
300 ## - PHYSICAL DESCRIPTION
Extent (e.g. Volumes, Pages etc.) X, 335 p ., ( C 2)
500 ## - GENERAL NOTE
General note The series will continue to be published, as usual, under the editorship of the Subaltern Studies collective.
700 ## - ADDED ENTRY--PERSONAL NAME
Personal name Guha, R.
Relator term (Role) Editor
942 ## - Koha item type (Biblio)
Koha item type Books in Stacks (Lending)
Holdings
Lost status Damaged status Collection code Home library Current library Shelving location Date acquired Full call number Accession Number Item type
    Lending WERC Library WERC Library Social Science Cupboard 03/31/2024 950 SUB 3249 Books in Stacks (Lending)

© WERC Library